| 000 | 00481nam a22001697a 4500 | ||
|---|---|---|---|
| 003 | BD-DhUL | ||
| 005 | 20181120120052.0 | ||
| 008 | 170126s1891 ii |||| |||| 000 0 eng d | ||
| 040 |
_aBD-DhUL _cBD-DhUL |
||
| 082 |
_a891.551 _bHAD |
||
| 100 | 1 | _aHafiz-I-Shirazi, S. | |
| 245 | 1 | 4 |
_aThe Divan written in the fourteenth century : _bVol. 2 / _cHafiz-I-Shirazi, S. |
| 260 |
_aCulcuta : _bCentrel, _c1891. |
||
| 300 |
_av. ; _c25 cm. |
||
| 650 | 0 | _aPersian poetry. | |
| 942 |
_2ddc _cBK |
||
| 999 |
_c155624 _d155624 |
||